Normal view
MARC view
- Anciant
Entry Topical Term
001 - CONTROL NUMBER
- control field: 121328
003 - CONTROL NUMBER IDENTIFIER
- control field: NUST
005 - DATE AND TIME OF LATEST TRANSACTION
- control field: 20240226130904.0
008 - FIXED-LENGTH DATA ELEMENTS
- fixed length control field: 240226|| aca||aabn | a|a d
040 ## - CATALOGING SOURCE
- Original cataloging agency: NUST
- Transcribing agency: NUST
150 ## - HEADING--TOPICAL TERM
- Topical term or geographic name entry element: Anciant
- Form subdivision: History
670 ## - SOURCE DATA FOUND
- Source citation: Work cat.: (NUST): ہيرلڈليم 121236, تين عظيم جنگجوسپہ سالار:, 2015.
